000 00960nam a22003017a 4500
003 CHAP
005 20220329135020.0
008 971013s1968 r 00010 d
010 _a29579
011 _a30551
035 _a34663
040 _cCHAP
082 _a150.182
_bL4
100 0 0 _aLevy, Sheldon G.
_966489
245 _aInferential statistics in the behavioral sciences
260 _aNew York :
_bHolt, Rinehart and Winston,
_c1968
300 _a267 p.
590 _aBATCH-UPD
_b10
_c20130110
_lUCH01
_h0032
590 _aBATCH-UPD
_b10
_c20130110
_lUCH01
_h1611
590 _aBATCH-UPD
_b10
_c20130410
_lUCH01
_h1006
590 _aBATCH-UPD
_b10
_c20130914
_lUCH01
_h1638
590 _aCONVERSION
_b10
_c20130109
_lUCH01
_h1317
650 1 4 _aInferencia estadística.
_958062
650 1 4 _aPsicología
_xMétodos estadísticos.
_992606
901 _aBK
942 _cLIBRO
949 _a150.182 L4
_bBC
_cLIBRO
_d33724000231502
_eLIBRO
_h1971
_i34663
_si
_t156.25
999 _c29579
_d29579